000 02883cam a22006854i 4500
003 PE-LiUPU
005 20250731170456.0
008 150706s2007 mx rb 000 0 spa d
020 _a9682478715
020 _a9789682478710
035 _a(Sirsi) i9789682478710
040 _aPE-LiUPU
_bspa
_cPE-LiUPU
_dPE-LiUPU
_erda
049 _aPRUA
082 0 4 _a155.41
_bP59
_221
100 1 _aPineda Flores, Luis Antonio,
_eautor.
245 1 0 _aModificación de conductas problema en el niño :
_bprograma de entrenamiento para padres /
_cLuis Antonio Pineda Flores, María de los Ángeles López Reséndiz, Natividad Torres Gutiérrez y Hugo Romano.
264 1 _aMéxico, D.F. :
_bTrillas,
_c2007.
300 _a166 páginas :
_bilustraciones ;
_c23 centímetros
336 _atext
_2rdacontent
337 _aunmediated
_2rdamedia
338 _avolume
_2rdacarrier
504 _aIncluye bibliografía.
505 0 _aElaboración del paquete de servicio -- Reorientemos las técnicas de modificación conductual hacia principios de la integración educativa -- Construcción de los instrumentos de diagnóstico -- El paquete de tratamiento y el paquete de servicio -- Paquete de servicio -- Entrenamiento a mediadores -- Paquete de tratamiento.
526 _aSEG68
526 _aSEG70
526 _aSEG69
526 _aSEG67
526 _aSEG43
526 _aP144
526 _aP143
526 _aP131
526 _aP122
526 _aP120
526 _aP117
526 _aP112
526 _aP110
526 _aP106
526 _aP101
526 _aP80
526 _aP59
526 _aP54
526 _aP35
526 _aP33
526 _aP30
541 _g001-0037437;
650 0 4 _aNiños inadaptados
_xModificación de conducta.
650 0 4 _aConducta
_xTrastornos en niños.
650 0 4 _aTerapia de conducta para niños.
700 1 _a López Reséndiz, María de los Ángeles,
_eautora.
700 1 _aTorres Gutiérrez, Natividad,
_eautora.
700 1 _aRomano, Romano,
_eautor.
910 _agl
_cng
_d20150706
942 _2ddc
_cBOOK
949 _a155.41 P59
_wDEWEY
_c1
_i67807
_lCCODEBUL1
_mBUL
_p18.00
_r0
_sY
_tBOOK
_u2015-7-6
_xSALUD
_PP33
_o.STAFF. Colección General
949 _a155.41 P59
_wDEWEY
_c2
_i67808
_lCCODEBUL1
_mBUL
_p18.00
_r0
_sY
_tBOOK
_u2015-7-6
_xSALUD
_PP33
_o.STAFF. Colección General
994 _aC0
_bPEPRU
596 _a1
999 _a155.41 P59
_wDEWEY
_c55332
_i67807
_d55332
_e2019-8-16
_f2021-11-3
_g5
_lCCODEBUL1
_mBUL
_n6
_p18.00
_q3
_r0
_sY
_tBOOK
_u2015-7-6
_xSALUD
_zP33
_0COMPRA
_o.STAFF. Colección Ciencias de la Salud
999 _a155.41 P59
_wDEWEY
_c2
_i67808
_d2019-5-20
_e2018-11-13
_f2021-11-3
_g5
_lCCODEBUL1
_mBUL
_n8
_p18.00
_q2
_r0
_sY
_tBOOK
_u2015-7-6
_xSALUD
_zP33
_0COMPRA
_o.STAFF. Colección Ciencias de la Salud
980 _81
_gALBERTO SANCHEZ Responsable de Automatización